College Quizbowl Stats
College Quizbowl Stats
Circuits
Seasons
Sets
Records
Detailed Stats
About
Loading...
Lower Mid-Atlantic
Tossups
Bonuses
Players
Teams
Categories (Tossup)
Categories (Bonus)
Audrey Nolan
Tennessee A
Categories
Category
Powers
Gets
Negs
BBs
Points
Earliest Buzz
Avg. Buzz
First Buzzes
Top 3 Buzzes
BPA
PVF
Science - Biology
0
3
0
0
30
69
73.33
0
0
0.00
0.00
Literature - European
0
1
0
0
10
91
91.00
0
0
0.00
0.00
Social Science
0
1
0
0
10
49
49.00
0
1
0.00
0.00
Buzzes
Category
Answer
Value
Buzz Position
Social Science
pronouns
10
49
Science - Biology
mRNA
10
69
Science - Biology
cell membranes
10
72
Science - Biology
Louis Pasteur
10
79
Literature - European
Albert Camus
10
91
Previous
1
Next